| 000 | 00594nam a22002172 4500 | ||
|---|---|---|---|
| 001 | 0000003229 | ||
| 005 | 20151217155820.0 | ||
| 008 | 070502s xx 000 0 eng d | ||
| 020 | _cKES 200 | ||
| 040 |
_aKABU _cKABU |
||
| 050 | 0 |
_aHQ769.3 _b.K57 1995 |
|
| 100 | 1 |
_aKisuke, Connie. _@0000152965 |
|
| 245 | 1 | 0 | _aRaising today's children. |
| 250 | _aRev. ed. | ||
| 260 |
_aNairobi : _bUzima, _c1995. |
||
| 300 | _ax, 101 p. | ||
| 650 | 0 |
_aChildren _xReligious life _zKenya. _@0000152966 |
|
| 908 | _a070502 | ||
| 950 | _@1 | ||
| 999 |
_c12797 _d12797 |
||